wszystkie zajezdnie tramwajowe we Wrocławiu - Statystyki

Ogólne statystyki
  • Ten quiz został rozwiązany 61 razy
  • Średni wynik to 5 z 8
Statystyki odpowiedzi
nr czynna nazwa % Poprawnych
4 1901-1945 i od 1954 Borek
94%
2 1910 - Ołbin
89%
3 1901-1945 Ołbin
89%
1 1902- Gaj
83%
6 1913-2014 Dąbie
51%
5 1901-1945 Popowice
51%
7 1892-1945 Grabiszyn
38%
8 1901-1925 (wyburzona) Wilczy Kąt
6%
Nie znaleziono quizów pasujących do podanych kryteriów
Rozkład punktacji
Procent ludzi z każdym wynikiem
Percentyl według liczby udzielonych odpowiedzi
Twoja historia wyników
Nie rozwiązałeś tego quizu